[Event "Excelsior June U1600"]
[Site "Toronto CAN"]
[Date "2023.06.23"]
[Round "1.28"]
[White "Khamidov, Bek"]
[Black "Surya, Dania"]
[Result "1-0"]
[WhiteElo "1085"]
[BlackElo "1538"]
[PlyCount "125"]
[EventDate "2023.06.23"]
[EventType "swiss"]
[EventRounds "5"]
[EventCountry "CAN"]

1. e4 d5 2. exd5 Qxd5 3. Nc3 Qa5 4. Bc4 Nf6 5. Nf3 Bg4 6. d3 c6 7. Bd2 Qh5 8.
h3 Bxf3 9. Qxf3 Qxf3 10. gxf3 Nbd7 11. Bf4 e6 12. Ne4 Nd5 13. Nd6+ Bxd6 14.
Bxd6 O-O-O 15. Kd2 N7b6 16. Bxd5 Rxd6 17. Bb3 c5 18. Ke2 Nd7 19. Rag1 g6 20. h4
Nf6 21. Rg5 b6 22. Ke3 Nh5 23. Re5 Re8 24. Re1 f6 25. Re4 e5 26. Kd2 Red8 27.
a4 Nf4 28. Rc4 Rc6 29. Ree4 a6 30. Ba2 Rdd6 31. b4 Ne6 32. b5 axb5 33. axb5 Rc7
34. Ra4 Nd4 35. f4 exf4 36. Re8+ Kb7 37. Bc4 Rc8 38. Re7+ Rc7 39. Rxc7+ Kxc7
40. Ra7+ Kd8 41. Rxh7 Nf3+ 42. Ke2 Ne5 43. Bf7 Rd7 44. Rh8+ Kc7 45. Bb3 Re7 46.
Kd2 Nf3+ 47. Kc3 Re2 48. Rh7+ Kb8 49. Rh8+ Kc7 50. Rh7+ Kd6 51. Rf7 Rxf2 52.
Rxf6+ Kc7 53. Rxf4 Rf1 54. Bf7 Nh2 55. Rxf1 Nxf1 56. Bxg6 Kd6 57. h5 Ke5 58. h6
Kf6 59. h7 Kg7 60. d4 cxd4+ 61. Kxd4 Nd2 62. Kd5 Nf3 63. Bd3 1-0

[Event "Excelsior June U1600"]
[Site "Toronto CAN"]
[Date "2023.06.23"]
[Round "1.29"]
[White "Lu, Austin"]
[Black "Gao, Yiguo"]
[Result "1-0"]
[WhiteElo "1465"]
[BlackElo "768"]
[PlyCount "43"]
[EventDate "2023.06.23"]
[EventType "swiss"]
[EventRounds "5"]
[EventCountry "CAN"]

1. e4 c5 2. Nf3 d6 3. d4 cxd4 4. Nxd4 Nf6 5. Nc3 g6 6. Bc4 Bg7 7. f3 Nc6 8. Be3
O-O 9. Qd2 Bd7 10. g4 Qc7 11. Bb3 Ne5 12. O-O-O Nc4 13. Bxc4 Qxc4 14. Bh6 Rfc8
15. h4 Rc5 16. Bxg7 Kxg7 17. h5 gxh5 18. gxh5 Nxh5 19. Rdg1+ Kf8 20. Qh6+ Ng7
21. Qxg7+ Ke8 22. Qg8# 1-0

[Event "Excelsior June U1600"]
[Site "Toronto CAN"]
[Date "2023.06.23"]
[Round "1.30"]
[White "Gao, Ian"]
[Black "Zhan, Jayden Zihan"]
[Result "0-1"]
[WhiteElo "692"]
[BlackElo "1445"]
[PlyCount "110"]
[EventDate "2023.06.23"]
[EventType "swiss"]
[EventRounds "5"]
[EventCountry "CAN"]

1. e4 e6 2. d4 d5 3. Nc3 Nf6 4. exd5 exd5 5. Bb5+ c6 6. Qe2+ Be7 7. Ba4 O-O 8.
Nf3 Bg4 9. O-O a5 10. Bg5 b5 11. Bxb5 cxb5 12. Qxb5 Bd7 13. Qb7 Bc6 14. Qb3 a4
15. Nxa4 Bxa4 16. Qb7 Nbd7 17. Ne5 Rb8 18. Qa6 Bb5 19. Qa7 Bxf1 20. Bxf6 Nxf6
21. Nc6 Qd7 22. Qxd7 Nxd7 23. Nxb8 Rxb8 24. Rxf1 Rxb2 25. h3 Rxa2 26. Re1 Kf8
27. Rc1 Bg5 28. f4 Bxf4 29. Rf1 Be3+ 30. Kh1 Rxc2 31. Rd1 Nf6 32. Rd3 Rc1+ 33.
Kh2 Bf4+ 34. g3 Rc2+ 35. Kh1 Ne4 36. Rf3 Nxg3+ 37. Kg1 Rc4 38. Kf2 Rxd4 39. Kg2
Re4 40. Kf2 d4 41. Kg2 Re2+ 42. Kg1 Be3+ 43. Rf2 Bxf2+ 44. Kg2 Be3+ 45. Kxg3 d3
46. Kf3 Rf2+ 47. Kxe3 d2 48. Kxf2 d1=Q 49. Kg3 Qe2 50. h4 Ke7 51. Kf4 Kf6 52.
Kg3 Kf5 53. Kh3 Qf2 54. h5 Kf4 55. h6 Qg3# 0-1

[Event "Excelsior June U1600"]
[Site "Toronto CAN"]
[Date "2023.06.23"]
[Round "1.31"]
[White "Anish, Diganth"]
[Black "Liu-Xue, Shulai"]
[Result "1-0"]
[WhiteElo "1437"]
[BlackElo "637"]
[PlyCount "87"]
[EventDate "2023.06.23"]
[EventType "swiss"]
[EventRounds "5"]
[EventCountry "CAN"]

1. e4 c5 2. Nf3 Nc6 3. d4 cxd4 4. Nxd4 d6 5. Bc4 g6 6. Be3 Nf6 7. Nc3 Bg7 8.
O-O O-O 9. Qd2 a6 10. Rad1 Nxd4 11. Bxd4 b5 12. Bxf6 Bxf6 13. Bb3 Bb7 14. Rfe1
Rc8 15. Qe3 Qd7 16. Bd5 Bxd5 17. Rxd5 b4 18. Nd1 Rxc2 19. Qb3 Rfc8 20. Qxb4 Qa7
21. Rf1 R8c4 22. Qb3 Bd4 23. Qf3 Qb6 24. h3 f6 25. Kh1 e6 26. Rxd4 Qxd4 27. Nc3
Rxb2 28. Ne2 Qxe4 29. Qxf6 Rxe2 30. Qd8+ Kf7 31. Qd7+ Kf6 32. Qd8+ Ke5 33. f4+
Kd5 34. Rd1+ Rd4 35. Qa5+ Kc6 36. Qxa6+ Kd7 37. Qa7+ Ke8 38. Qb8+ Kf7 39. Qc7+
Kf6 40. Qd8+ Kg7 41. Qe7+ Kh6 42. Qg5+ Kg7 43. Qe7+ Kh8 44. Qf8# 1-0

[Event "Excelsior June U1600"]
[Site "Toronto CAN"]
[Date "2023.06.23"]
[Round "1.32"]
[White "Gao, Evan"]
[Black "Vale, Noah"]
[Result "0-1"]
[WhiteElo "633"]
[BlackElo "1401"]
[PlyCount "36"]
[EventDate "2023.06.23"]
[EventType "swiss"]
[EventRounds "5"]
[EventCountry "CAN"]

1. e4 c6 2. d4 d5 3. e5 Bf5 4. Nf3 e6 5. Bg5 Be7 6. Bxe7 Nxe7 7. Bd3 O-O 8.
Bxf5 Nxf5 9. Nc3 Nd7 10. Qd3 Qc7 11. O-O-O c5 12. Ng5 cxd4 13. g4 Nxe5 14. Qh3
Nh6 15. Qh5 dxc3 16. bxc3 Qxc3 17. Rhe1 Nc4 18. Kb1 Qb2# 0-1

[Event "Excelsior June U1600"]
[Site "Toronto CAN"]
[Date "2023.06.23"]
[Round "1.33"]
[White "Sun, Lucas"]
[Black "Stevenson, Mark"]
[Result "1-0"]
[WhiteElo "1393"]
[BlackElo "504"]
[PlyCount "93"]
[EventDate "2023.06.23"]
[EventType "swiss"]
[EventRounds "5"]
[EventCountry "CAN"]

1. e4 c6 2. d4 d5 3. Nc3 dxe4 4. Nxe4 Nf6 5. Nxf6+ exf6 6. Nf3 Bd6 7. Be2 O-O
8. O-O Bg4 9. b3 Re8 10. Bb2 Bc7 11. h3 Bh5 12. g4 Bg6 13. Bd3 Nd7 14. Bxg6
hxg6 15. Kg2 f5 16. g5 Nb6 17. c4 Nc8 18. h4 Re4 19. Rh1 Rg4+ 20. Kf1 Nd6 21.
Ne5 Nxc4 22. bxc4 Bxe5 23. dxe5 Qb6 24. Qe2 Qb4 25. Rc1 Rd8 26. Bc3 Qa3 27. Bb2
Qxa2 28. f3 Rf4 29. Kf2 Qa5 30. Ke3 Rd2 31. Qe1 Qb6+ 32. Kxf4 Qxb2 33. Rd1 Rc2
34. Rd8+ Kh7 35. h5 Rxc4+ 36. Kg3 Rc2 37. hxg6+ Kxg6 38. Rd5 f6 39. exf6 Re2
40. fxg7 Kxg7 41. Qa1 Rg2+ 42. Kf4 a6 43. Qxb2+ Rxb2 44. Rd7+ Kg8 45. Kxf5 c5
46. g6 c4 47. Rd8+ 1-0

[Event "Excelsior June U1600"]
[Site "Toronto CAN"]
[Date "2023.06.24"]
[Round "2.26"]
[White "Sekaran, Adithya"]
[Black "Li, Wing"]
[Result "0-1"]
[WhiteElo "1363"]
[BlackElo "1591"]
[PlyCount "66"]
[EventDate "2023.06.23"]
[EventType "swiss"]
[EventRounds "5"]
[EventCountry "CAN"]

1. c4 c6 2. g3 d5 3. cxd5 cxd5 4. Bg2 e5 5. d4 e4 6. Nc3 Nc6 7. e3 Nb4 8. Bf1
Nf6 9. a3 Nc6 10. Nge2 Bg4 11. Bg2 Be7 12. O-O O-O 13. Qb3 Na5 14. Qc2 Rc8 15.
Re1 Nc4 16. h3 Bf5 17. Nf4 g5 18. Nfe2 Qd7 19. Kh2 Bd6 20. Bd2 h5 21. b4 h4 22.
Rad1 Bb8 23. Bc1 g4 24. Ng1 Nh5 25. hxg4 Bxg3+ 26. fxg3 Bxg4 27. Nge2 Qd6 28.
Nb5 Qh6 29. Kg1 Nxg3 30. Nxg3 hxg3 31. Qb3 Qh2+ 32. Kf1 Bh3 33. Bd2 Nxd2+ 0-1

[Event "Excelsior June U1600"]
[Site "Toronto CAN"]
[Date "2023.06.24"]
[Round "2.27"]
[White "Naiboglu, Onur"]
[Black "Lu, Austin"]
[Result "1/2-1/2"]
[WhiteElo "1350"]
[BlackElo "1465"]
[PlyCount "86"]
[EventDate "2023.06.23"]
[EventType "swiss"]
[EventRounds "5"]
[EventCountry "CAN"]

1. e4 c5 2. c3 Nf6 3. e5 Nd5 4. d4 cxd4 5. cxd4 d6 6. Bc4 Nb6 7. Bb3 dxe5 8.
Qh5 e6 9. dxe5 Qc7 10. Nc3 Bb4 11. Bd2 Nc6 12. Nf3 Bxc3 13. Bxc3 Qe7 14. O-O
Bd7 15. Rad1 O-O 16. Bc2 h6 17. Bd2 f5 18. exf6 Qxf6 19. Bc3 Qf7 20. Bg6 Qe7
21. Rfe1 Be8 22. Re4 Bxg6 23. Qxg6 Rae8 24. Rg4 Rf7 25. Qxh6 Nd5 26. Qg6 Nxc3
27. bxc3 Rxf3 28. gxf3 Ne5 29. Qe4 Nxg4 30. fxg4 Rc8 31. Re1 Rxc3 32. Qxe6+
Qxe6 33. Rxe6 Rc4 34. h3 Kf7 35. Re3 Ra4 36. Rb3 b6 37. a3 Ke6 38. Rd3 Ke5 39.
Kf1 Ke4 40. Ke2 Rc4 41. Kd2 g5 42. Rb3 Rd4+ 43. Ke2 Rc4 1/2-1/2

[Event "Excelsior June U1600"]
[Site "Toronto CAN"]
[Date "2023.06.24"]
[Round "2.28"]
[White "Zhan, Jayden Zihan"]
[Black "Norris-Roozmon, Alexander"]
[Result "1/2-1/2"]
[WhiteElo "1445"]
[BlackElo "1227"]
[PlyCount "58"]
[EventDate "2023.06.23"]
[EventType "swiss"]
[EventRounds "5"]
[EventCountry "CAN"]

1. Nf3 d5 2. c4 d4 3. b4 Bf5 4. Bb2 e5 5. Nxe5 Qd6 6. Qa4+ c6 7. Nf3 Qg6 8. Nh4
Qf6 9. Nxf5 Qxf5 10. Bxd4 b5 11. cxb5 cxb5 12. Qb3 Nc6 13. Qe3+ Nge7 14. Bc5
Rc8 15. Nc3 Ne5 16. Nxb5 Nd5 17. Qd4 Nc6 18. Qd3 Qxd3 19. exd3 Ncxb4 20. Bxf8
Kxf8 21. Ke2 Re8+ 22. Kf3 g5 23. g3 g4+ 24. Kg2 Nc2 25. Rc1 Ne1+ 26. Kg1 Nf3+
27. Kg2 Ne1+ 28. Kg1 Nf3+ 29. Kg2 Ne1+ 1/2-1/2

[Event "Excelsior June U1600"]
[Site "Toronto CAN"]
[Date "2023.06.24"]
[Round "2.29"]
[White "Lee, Daniel"]
[Black "Anish, Diganth"]
[Result "1-0"]
[WhiteElo "1121"]
[BlackElo "1437"]
[PlyCount "127"]
[EventDate "2023.06.23"]
[EventType "swiss"]
[EventRounds "5"]
[EventCountry "CAN"]

1. e4 c5 2. Nf3 d6 3. d4 cxd4 4. Nxd4 Nf6 5. Nc3 g6 6. Be3 Bg7 7. Be2 O-O 8.
O-O Bd7 9. f4 Nc6 10. Qd2 Re8 11. f5 Rc8 12. g4 Ne5 13. h3 Bc6 14. Nxc6 bxc6
15. Bxa7 e6 16. g5 Nfd7 17. f6 Bf8 18. Be3 Qc7 19. Rfd1 d5 20. exd5 exd5 21.
Bf4 Bd6 22. a3 Nc4 23. Bxd6 Nxd6 24. Bg4 Nc4 25. Qf2 Ne3 26. Re1 Nxg4 27. hxg4
Ne5 28. Qg3 Qd6 29. Re2 Re6 30. Rc1 Rce8 31. Kh1 d4 32. Ne4 Qd5 33. Qh3 Nd7 34.
Qh6 Nxf6 35. gxf6 Rxf6 36. Kg1 Rxe4 37. Rxe4 Re6 38. Rxe6 fxe6 39. Rf1 Qc5 40.
Rf2 e5 41. a4 e4 42. Rf8+ Qxf8 43. Qxf8+ Kxf8 44. a5 d3 45. cxd3 exd3 46. Kf2
d2 47. Ke2 h5 48. a6 h4 49. a7 h3 50. a8=Q+ Kg7 51. Qxc6 h2 52. Kxd2 Kh6 53.
Qh1 Kg5 54. Qxh2 Kxg4 55. Qg2+ Kf5 56. b4 Ke5 57. Qxg6 Kd4 58. b5 Ke5 59. b6
Kd4 60. b7 Ke5 61. b8=R Kd4 62. Qf5 Kc4 63. Qg5 Kd4 64. Rb4# 1-0

[Event "Excelsior June U1600"]
[Site "Toronto CAN"]
[Date "2023.06.24"]
[Round "2.30"]
[White "Vale, Noah"]
[Black "Khamidov, Bek"]
[Result "1-0"]
[WhiteElo "1401"]
[BlackElo "1085"]
[PlyCount "95"]
[EventDate "2023.06.23"]
[EventType "swiss"]
[EventRounds "5"]
[EventCountry "CAN"]

1. e4 e5 2. Nf3 Nc6 3. d4 d6 4. dxe5 Nxe5 5. Nxe5 dxe5 6. Qxd8+ Kxd8 7. Bc4 Be6
8. Bxe6 fxe6 9. Be3 Nf6 10. f3 Bd6 11. a4 Nh5 12. g3 Rf8 13. Ke2 a6 14. Nd2 Ke7
15. Nc4 b5 16. axb5 axb5 17. Nxd6 cxd6 18. Bd2 Rfc8 19. Kd3 Nf6 20. Bb4 Nd7 21.
Rhd1 Rxa1 22. Rxa1 Rc4 23. c3 Nc5+ 24. Kc2 Nd7 25. Ra6 Nc5 26. Rb6 Kd7 27. Rxb5
Na6 28. Ba3 Kc6 29. b3 Kxb5 30. bxc4+ Kc6 31. Bc1 Nc5 32. Be3 d5 33. exd5+ exd5
34. Bxc5 Kxc5 35. cxd5 Kxd5 36. Kd3 h6 37. c4+ Kc5 38. h4 g6 39. g4 Kb4 40. Ke4
Kxc4 41. Kxe5 Kd3 42. Kf6 Ke3 43. g5 hxg5 44. hxg5 Kxf3 45. Kxg6 Kg4 46. Kh6
Kf5 47. g6 Kf6 48. Kh7 1-0

[Event "Excelsior June U1600"]
[Site "Toronto CAN"]
[Date "2023.06.24"]
[Round "2.34"]
[White "Cheung, Oscar"]
[Black "Li, Yeeshuen"]
[Result "1-0"]
[WhiteElo "1102"]
[BlackElo "1288"]
[PlyCount "127"]
[EventDate "2023.06.23"]
[EventType "swiss"]
[EventRounds "5"]
[EventCountry "CAN"]

1. e4 e5 2. Nf3 Nc6 3. Bc4 Bc5 4. c3 Nf6 5. d3 h6 6. O-O d6 7. Re1 O-O 8. d4
exd4 9. cxd4 Bb4 10. Bd2 d5 11. exd5 Nxd5 12. Bxb4 Ncxb4 13. Qb3 Be6 14. a3 Nc6
15. Qxb7 Na5 16. Qa6 Nxc4 17. Qxc4 Ne7 18. Qc3 Nf5 19. Nbd2 Nh4 20. Rac1 Rc8
21. Nxh4 Qxh4 22. Nf3 Qd8 23. Ne5 Qg5 24. Qg3 Qd2 25. Qc3 Qg5 26. Qe3 Qh5 27.
Nc6 Rfe8 28. Qg3 Qd5 29. h3 Bd7 30. Ne7+ Rxe7 31. Rxe7 Qxd4 32. Rxc7 Rd8 33.
Qe5 Qd1+ 34. Kh2 Be6 35. Rxa7 Qf1 36. Qf4 Rd1 37. Rxf7 Qh1+ 38. Kg3 Rd3+ 39. f3
Qe1+ 40. Kh2 Rd7 41. Raxd7 Bxd7 42. Rxd7 Qe8 43. Qf7+ Qxf7 44. Rxf7 Kxf7 45. b4
Ke7 46. a4 Kd7 47. a5 Kc6 48. a6 Kc7 49. b5 Kb8 50. b6 Ka8 51. b7+ Kb8 52. Kg3
Ka7 53. Kg4 Kb8 54. Kh5 Kc7 55. Kg6 Kb8 56. Kxg7 Ka7 57. f4 Kb8 58. f5 Ka7 59.
f6 Kb8 60. f7 Ka7 61. f8=Q h5 62. b8=Q+ Kxa6 63. Qfb4 h4 64. Q4b6# 1-0

[Event "Excelsior June U1600"]
[Site "Toronto CAN"]
[Date "2023.06.24"]
[Round "2.35"]
[White "Surya, Dania"]
[Black "Roque, Alexa"]
[Result "1-0"]
[WhiteElo "1538"]
[BlackElo "930"]
[PlyCount "83"]
[EventDate "2023.06.23"]
[EventType "swiss"]
[EventRounds "5"]
[EventCountry "CAN"]

1. e4 c6 2. d4 d5 3. Nc3 dxe4 4. Nxe4 Nf6 5. Ng3 c5 6. Be3 cxd4 7. Bxd4 Nc6 8.
Bc3 Qxd1+ 9. Rxd1 e5 10. Bc4 a6 11. a4 Bb4 12. Bxb4 Nxb4 13. Rd2 O-O 14. Nf3
Nc6 15. O-O Bd7 16. Re1 Rfe8 17. c3 Be6 18. Bxe6 Rxe6 19. Red1 a5 20. Ng5 Ree8
21. N5e4 Nxe4 22. Nxe4 Reb8 23. Rd7 b6 24. Kf1 f6 25. Ke2 Kf8 26. Nd6 Ne7 27.
Nc4 b5 28. axb5 Rxb5 29. Rd8+ Rxd8 30. Rxd8+ Kf7 31. Nd6+ Ke6 32. Nxb5 g6 33.
Rd6+ Kf5 34. Ra6 Kg5 35. Rxa5 f5 36. Nd6 e4 37. Nxe4+ Kh6 38. Nd6 Kg7 39. b4
Nc6 40. Rc5 Nb8 41. b5 h5 42. Rc8 1-0

[Event "Excelsior June U1600"]
[Site "Toronto CAN"]
[Date "2023.06.24"]
[Round "2.36"]
[White "Zhou, Felix"]
[Black "Gao, Evan"]
[Result "1-0"]
[WhiteElo "1358"]
[BlackElo "633"]
[PlyCount "31"]
[EventDate "2023.06.23"]
[EventType "swiss"]
[EventRounds "5"]
[EventCountry "CAN"]

1. d4 d5 2. c4 dxc4 3. e3 Nf6 4. Bxc4 Bg4 5. Qb3 e6 6. Qxb7 Nbd7 7. Nc3 Ne4 8.
Qxe4 Bf5 9. Qf3 Qh4 10. Qxa8+ Ke7 11. Qf3 Nf6 12. Qg3 Qh5 13. Qxc7+ Nd7 14. Bb5
e5 15. Nd5+ Ke6 16. Qxd7# 1-0

[Event "Excelsior June U1600"]
[Site "Toronto CAN"]
[Date "2023.06.24"]
[Round "2.37"]
[White "Chen, Michael"]
[Black "Stevenson, Mark"]
[Result "1-0"]
[WhiteElo "1297"]
[BlackElo "504"]
[PlyCount "73"]
[EventDate "2023.06.23"]
[EventType "swiss"]
[EventRounds "5"]
[EventCountry "CAN"]

1. d4 d5 2. c4 c6 3. Nc3 Nf6 4. Nf3 Bf5 5. Qb3 b6 6. Bf4 e6 7. e3 Bd6 8. Ne5
O-O 9. Be2 Qe7 10. O-O Rc8 11. Bf3 Nbd7 12. cxd5 exd5 13. Nxd7 Qxd7 14. Bg3 Bd3
15. Rfe1 Ne4 16. Nxd5 Bxg3 17. fxg3 cxd5 18. Qxd3 f5 19. Rac1 Re8 20. Rc2 Re7
21. Bxe4 Rxe4 22. Rec1 Rae8 23. Rc7 Qa4 24. Rf1 g6 25. Re1 a6 26. a3 Rxd4 27.
Qc3 Ree4 28. exd4 Rxe1+ 29. Qxe1 Qxd4+ 30. Kh1 Qf6 31. Qe8+ Qf8 32. Qxf8+ Kxf8
33. Rxh7 Ke8 34. Rb7 d4 35. Rxb6 Kd7 36. Rb4 Ke6 37. Rxd4 1-0

[Event "Excelsior June U1600"]
[Site "Toronto CAN"]
[Date "2023.06.24"]
[Round "3.26"]
[White "Li, Wing"]
[Black "Lee, Daniel"]
[Result "1-0"]
[WhiteElo "1591"]
[BlackElo "1121"]
[PlyCount "95"]
[EventDate "2023.06.23"]
[EventType "swiss"]
[EventRounds "5"]
[EventCountry "CAN"]

1. d4 d5 2. c4 e6 3. Nf3 Nf6 4. g3 Bd6 5. Bg2 O-O 6. O-O b6 7. cxd5 exd5 8. Nc3
Bb7 9. a3 a6 10. b4 Nbd7 11. Qb3 c6 12. Bf4 Qc7 13. Bxd6 Qxd6 14. Rfe1 Rfe8 15.
Qb1 Ne4 16. Nxe4 dxe4 17. Ng5 Nf6 18. Qa2 Re7 19. e3 Bc8 20. Rac1 Bf5 21. Qc4
Rc7 22. d5 Qxd5 23. Qxd5 Nxd5 24. Nxe4 Bxe4 25. Bxe4 Ne7 26. Red1 g6 27. Rd6
Rac8 28. Bd3 Ra7 29. a4 Nd5 30. Rxd5 a5 31. bxa5 Rxa5 32. Rxa5 bxa5 33. Rc5 Ra8
34. Rxc6 Ra7 35. Ra6 Rd7 36. Bb5 Rd1+ 37. Kg2 Kg7 38. Rxa5 Kh6 39. Bc4 f5 40.
Rd5 Ra1 41. a5 f4 42. gxf4 g5 43. fxg5+ Kh5 44. a6 h6 45. gxh6+ Kh4 46. h7 Kg4
47. h3+ Kh4 48. h8=R# 1-0

[Event "Excelsior June U1600"]
[Site "Toronto CAN"]
[Date "2023.06.24"]
[Round "3.27"]
[White "Sun, Lucas"]
[Black "Vale, Noah"]
[Result "1-0"]
[WhiteElo "1393"]
[BlackElo "1401"]
[PlyCount "91"]
[EventDate "2023.06.23"]
[EventType "swiss"]
[EventRounds "5"]
[EventCountry "CAN"]

1. e4 c6 2. d4 d5 3. Nc3 dxe4 4. Nxe4 Bf5 5. Ng3 Bg6 6. Nf3 Nd7 7. Bd3 Bxd3 8.
Qxd3 e6 9. O-O Ngf6 10. c4 Be7 11. Rd1 Qc7 12. Ne2 Rd8 13. Qc2 O-O 14. b3 e5
15. Bb2 exd4 16. Nexd4 Rfe8 17. Nf5 Bf8 18. Re1 Qf4 19. Rad1 Ne4 20. Ng3 f5 21.
Bc1 Qg4 22. h3 Qg6 23. Nh4 Qf6 24. Nhxf5 Nxg3 25. Nxg3 Be7 26. Qf5 Qc3 27. Ne2
Qf6 28. Qxf6 Bxf6 29. Nf4 Rxe1+ 30. Rxe1 Kf7 31. Rd1 Nc5 32. Rxd8 Bxd8 33. Be3
Be7 34. Bxc5 Bxc5 35. Nd3 Be7 36. Kf1 Ke6 37. Ke2 g5 38. Ke3 h5 39. g4 h4 40.
f4 a5 41. Ke4 b6 42. Ne5 gxf4 43. Nxc6 Bg5 44. Nd4+ Kd6 45. Nf3 Bf6 46. Kxf4
1-0

[Event "Excelsior June U1600"]
[Site "Toronto CAN"]
[Date "2023.06.24"]
[Round "3.28"]
[White "Fok, Elkan"]
[Black "Fu, Odyssey"]
[Result "1/2-1/2"]
[WhiteElo "1573"]
[BlackElo "1365"]
[PlyCount "61"]
[EventDate "2023.06.23"]
[EventType "swiss"]
[EventRounds "5"]
[EventCountry "CAN"]

1. Nf3 d5 2. d4 Nf6 3. c4 e6 4. g3 Be7 5. Bg2 Nbd7 6. O-O b6 7. cxd5 Nxd5 8. e4
N5f6 9. Nc3 Bb7 10. d5 exd5 11. e5 Ne4 12. Nxd5 Ndc5 13. Nxe7 Qxe7 14. b4 Nd7
15. a3 O-O-O 16. Qc2 h6 17. Bb2 h5 18. Rac1 Nf8 19. Nd4 Rxd4 20. Bxd4 Ng5 21.
Bxb7+ Kxb7 22. Qc6+ Kb8 23. Bc5 Qe6 24. Bd6 cxd6 25. Qc7+ Ka8 26. h4 Nf3+ 27.
Kg2 Nxh4+ 28. Kg1 Nf3+ 29. Kg2 Nh4+ 30. Kg1 Nf3+ 31. Kg2 1/2-1/2

[Event "Excelsior June U1600"]
[Site "Toronto CAN"]
[Date "2023.06.24"]
[Round "3.29"]
[White "Lu, Austin"]
[Black "Zhan, Jayden Zihan"]
[Result "1/2-1/2"]
[WhiteElo "1465"]
[BlackElo "1445"]
[PlyCount "74"]
[EventDate "2023.06.23"]
[EventType "swiss"]
[EventRounds "5"]
[EventCountry "CAN"]

1. e4 e6 2. d4 d5 3. Nc3 Nf6 4. e5 Nfd7 5. f4 c5 6. Nf3 Nc6 7. Be3 Qb6 8. Na4
Qa5+ 9. c3 Be7 10. Nxc5 Nxc5 11. b4 Qa3 12. bxc5 Qxc3+ 13. Bd2 Qa3 14. Qb3 Qxb3
15. axb3 Rb8 16. Bb5 a6 17. Bd3 Bd7 18. O-O O-O 19. b4 Na7 20. g4 g6 21. Rfc1
Kh8 22. Be1 Rg8 23. Bd2 Nb5 24. Rf1 Na7 25. Ng5 Bxg5 26. fxg5 Kg7 27. Rf3 Nb5
28. Raf1 Rbf8 29. Be3 Bc6 30. Rc1 Rc8 31. h4 Rc7 32. h5 Rh8 33. Rc2 Rcc8 34.
Rcf2 Rc7 35. Rc2 Rcc8 36. Rcf2 Rc7 37. Rc2 Rcc8 1/2-1/2

[Event "Excelsior June U1600"]
[Site "Toronto CAN"]
[Date "2023.06.24"]
[Round "3.30"]
[White "Norris-Roozmon, Alexander"]
[Black "Naiboglu, Onur"]
[Result "0-1"]
[WhiteElo "1227"]
[BlackElo "1350"]
[PlyCount "108"]
[EventDate "2023.06.23"]
[EventType "swiss"]
[EventRounds "5"]
[EventCountry "CAN"]

1. Nf3 d5 2. g3 Nf6 3. Bg2 Nc6 4. O-O Bf5 5. b3 e6 6. Nh4 Bg4 7. d4 Bd6 8. c4
Be7 9. Na3 O-O 10. Nc2 Ne8 11. h3 Bh5 12. cxd5 exd5 13. Nf5 Bf6 14. Ba3 Be7 15.
Nxe7+ Nxe7 16. Ne3 Nd6 17. f4 f5 18. Nxd5 c6 19. Nxe7+ Qxe7 20. d5 Qe3+ 21. Kh2
c5 22. Qd3 Qxd3 23. exd3 Rac8 24. d4 b6 25. dxc5 Nb5 26. cxb6 Nxa3 27. b7 Rb8
28. d6 Nb5 29. d7 Nd6 30. Rad1 Bxd1 31. Rxd1 Ne4 32. Rd5 g6 33. b4 Rfd8 34. g4
Nf6 35. Rd3 Nxd7 36. Rd5 Kg7 37. gxf5 Nf6 38. Rxd8 Rxd8 39. Be4 Rb8 40. fxg6
Rxb7 41. gxh7 Rxb4 42. Kg3 Nxh7 43. Kg4 Nf6+ 44. Kg5 Rb5+ 45. f5 Nh7+ 46. Kg4
Kf6 47. h4 Nf8 48. Bc6 Rxf5 49. Bd5 Rf2 50. a4 Ng6 51. Kg3 Ra2 52. h5 Ra3+ 53.
Kf2 Rxa4 54. hxg6 Kxg6 0-1

[Event "Excelsior June U1600"]
[Site "Toronto CAN"]
[Date "2023.06.24"]
[Round "3.31"]
[White "Anish, Diganth"]
[Black "Cheung, Oscar"]
[Result "0-1"]
[WhiteElo "1437"]
[BlackElo "1102"]
[PlyCount "78"]
[EventDate "2023.06.23"]
[EventType "swiss"]
[EventRounds "5"]
[EventCountry "CAN"]

1. e4 e5 2. Nf3 Nc6 3. Bc4 Nf6 4. d3 d6 5. h3 Be7 6. Nc3 O-O 7. Be3 Be6 8. Bb3
d5 9. exd5 Nxd5 10. Nxd5 Bxd5 11. O-O Bxb3 12. axb3 f5 13. Re1 Bd6 14. Bg5 Qd7
15. d4 Nxd4 16. Nxd4 exd4 17. Qxd4 Bh2+ 18. Kxh2 Qxd4 19. Rad1 Qxf2 20. Re7 Rf7
21. Re6 f4 22. Be7 f3 23. Rg1 fxg2 24. Rxg2 Qf4+ 25. Kh1 Qc1+ 26. Kh2 Qd1 27.
Rge2 Re8 28. R6e3 Rexe7 29. Rxe7 Rxe7 30. Rxe7 Qd6+ 31. Kg2 Qxe7 32. Kf2 Kf7
33. Kf3 Qh4 34. Kg2 Kf6 35. Kh2 Qg5 36. Kh1 Kf5 37. Kh2 Kf4 38. Kh1 Kf3 39. Kh2
Qg2# 0-1

[Event "Excelsior June U1600"]
[Site "Toronto CAN"]
[Date "2023.06.24"]
[Round "3.33"]
[White "Khamidov, Bek"]
[Black "Sekaran, Adithya"]
[Result "1-0"]
[WhiteElo "1085"]
[BlackElo "1363"]
[PlyCount "121"]
[EventDate "2023.06.23"]
[EventType "swiss"]
[EventRounds "5"]
[EventCountry "CAN"]

1. e4 c5 2. Nf3 d6 3. d4 cxd4 4. Nxd4 Nf6 5. Nc3 e5 6. Nb3 a6 7. Bd3 Be6 8. Bd2
Be7 9. O-O O-O 10. f4 exf4 11. Rxf4 Nbd7 12. Qe2 Ne5 13. Nd4 Qb6 14. Be3 Qxb2
15. Qe1 Nxd3 16. cxd3 Rac8 17. Na4 Qa3 18. Nb6 Rc3 19. Nxe6 fxe6 20. Nc4 Rxc4
21. dxc4 Qd3 22. Rb1 e5 23. Rf3 Qxe4 24. Qb4 Rb8 25. Ba7 Ra8 26. Qxb7 Qxb7 27.
Rxb7 e4 28. Rfb3 Bf8 29. Rc7 h6 30. Rb8 Rxb8 31. Bxb8 e3 32. Kf1 d5 33. Ke2 d4
34. Ba7 Bd6 35. Rc8+ Kf7 36. Bxd4 Bxh2 37. Bxf6 Kxf6 38. Kxe3 Bg1+ 39. Ke4 Kg5
40. Kf3 h5 41. c5 Kf6 42. c6 Ke7 43. Ra8 Kd6 44. Rxa6 g5 45. a4 Bh2 46. Ke4 h4
47. Kf5 Bf4 48. Kg4 Kc7 49. a5 Be3 50. Kf5 Bf4 51. Ke6 g4 52. Kd5 h3 53. gxh3
gxh3 54. Ra7+ Kb8 55. Rh7 h2 56. a6 Bc7 57. Ke6 Bg3 58. Kd7 Be5 59. Kd8 Bc7+
60. Kd7 Be5 61. a7+ 1-0

[Event "Excelsior June U1600"]
[Site "Toronto CAN"]
[Date "2023.06.24"]
[Round "3.39"]
[White "Stevenson, Mark"]
[Black "Gao, Yiguo"]
[Result "1-0"]
[WhiteElo "504"]
[BlackElo "768"]
[PlyCount "91"]
[EventDate "2023.06.23"]
[EventType "swiss"]
[EventRounds "5"]
[EventCountry "CAN"]

1. Na3 e5 2. b3 d5 3. e3 Nf6 4. d4 Bb4+ 5. Ke2 e4 6. h3 Qd6 7. Nb5 Qa6 8. c4
Qb6 9. Bd2 c6 10. Bxb4 cxb5 11. c5 Qc7 12. Ke1 Nc6 13. Bxb5 O-O 14. Bd2 a6 15.
Be2 b6 16. Rc1 a5 17. g4 Nb4 18. Bxb4 axb4 19. Rc2 bxc5 20. dxc5 Be6 21. Bb5
Ra5 22. g5 Ne8 23. Qe2 Qb7 24. Ba4 Nc7 25. Qd2 Na6 26. Qd4 Qc7 27. c6 Bd7 28.
Ne2 Rb8 29. Kd2 Rc8 30. Nf4 Be6 31. Nh5 f6 32. gxf6 Qf7 33. Nxg7 Qg6 34. Nxe6
Qg2 35. Rd1 Qxf2+ 36. Kc1 Qf5 37. Rg1+ Kf7 38. Ng5+ Kf8 39. Qa7 Rc7 40. Qa8+
Rc8 41. Nxh7+ Ke8 42. Rg8+ Kf7 43. Rg7+ Ke8 44. c7+ Rxa4 45. Qc6+ Qd7 46. Re7#
1-0